000 00497nam a2200205Ia 4500
003 OSt
005 20221002054655.0
006 a|||||r|||| 00| 0
007 ta
008 220930b |||||||| |||| 00| 0 ara d
024 _a69761
037 _cReference Collections
040 _aCRL
_cCRL
_bara
041 _2ara
_aara
082 _aO164, F2(RR)
245 0 _aJabreen bin hayat
260 _c1922
942 _hO164, F2(RR)
_cref
_2CC
999 _c925469
_d925469